| 000 | 01210nam a2200325Ia 4500 | ||
|---|---|---|---|
| 001 | ebr10437737 | ||
| 003 | CaPaEBR | ||
| 006 | m u | ||
| 007 | cr cn||||||||| | ||
| 008 | 110120s2010 nyu s 000 0 eng d | ||
| 020 | _z9781846683725 | ||
| 040 |
_aCaPaEBR _cCaPaEBR |
||
| 035 | _a(OCoLC)704517144 | ||
| 050 | 1 | 4 |
_aHA155 _b.P63 2011eb |
| 245 | 0 | 4 |
_aThe Economist pocket world in figures _h[electronic resource]. |
| 246 | 3 | _aPocket world in figures | |
| 250 | _a2011 ed. | ||
| 260 |
_aLondon, England : _bProfile : _bin association with The Economist Ltd., _c2010. |
||
| 300 | _a256 p. | ||
| 533 |
_aElectronic reproduction. _bPalo Alto, Calif. : _cebrary, _d2011. _nAvailable via World Wide Web. _nAccess may be limited to ebrary affiliated libraries. |
||
| 650 | 0 | _aEconomic indicators. | |
| 650 | 0 |
_aPopulation _vStatistics. |
|
| 650 | 0 |
_aQuality of life _vStatistics. |
|
| 650 | 0 | _aSocial indicators. | |
| 650 | 0 | _aStatistics. | |
| 655 | 7 |
_aElectronic books. _2local |
|
| 710 | 2 | _aebrary, Inc. | |
| 730 | 0 | _aEconomist (London, England : 1843) | |
| 856 | 4 | 0 |
_uhttp://site.ebrary.com/lib/rucke/Doc?id=10437737 _zAn electronic book accessible through the World Wide Web; click to view |
| 999 |
_c133597 _d133597 |
||